[Event "Budapest Spring Festival 2019"]
[Site "Budapest"]
[Date "2019.04.13"]
[Round "5.24"]
[White "Srinath, Rao S.V."]
[Black "Gorodetzky, Matan"]
[Result "1-0"]
[WhiteElo "2416"]
[BlackElo "2157"]
[Annotator "TA"]
[PlyCount "47"]
[EventDate "2019.04.09"]
[EventType "swiss"]
[EventCountry "HUN"]
[SourceTitle "playchess.com"]
[Source "ChessBase"]
[SourceQuality "1"]

{[%evp 13,47,0,0,0,10,0,22,0,0,0,13,20,64,69,81,80,117,53,45,8,13,-7,0,0,0,0,18,-51,-57,-268,-105,-113,-33,-33,29997,29998]} 1. Nf3 d5 2. g3 c5 3. Bg2 e6 4. O-O Nc6 5. b3 Nf6 6. Bb2 Be7 7. d4 O-O 8. dxc5 {D02: 1 d4 d5 2 Nf3 sidelines, including 2...Nf6 3 g3 and 2...Nf6 3 Bf4} Bxc5 9. Nbd2 (9. c4 dxc4 10. Qc1 Bd7 11. Qxc4 Be7 12. e4 Rc8 13. Qe2 Qa5 14. Rd1 Rfd8 15. Nbd2 b5 {1-0 (62) Nakamura,H (2777)-Dominguez Perez,L (2739) Saint Louis 2018}) 9... Qc7 10. a3 $146 {The position is equal.} ({Predecessor:} 10. Bxf6 gxf6 11. e4 d4 12. Nh4 Ne7 13. Kh1 Ng6 14. Qg4 e5 15. Qh5 Bb4 16. Ndf3 Qxc2 {1-0 (25) Adnani,M (2448)-Minko,V (2381) Riadh 2017}) 10... a5 11. c4 Rd8 12. cxd5 Rxd5 13. Qc2 Be7 14. Rac1 Bd7 15. Qb1 (15. Ne1 $16) 15... Be8 16. e4 Rdd8 17. h4 h6 18. e5 Nd7 19. Rc4 Qb6 20. Qe4 ({White should try} 20. Qc2 $11) 20... Nc5 $15 {[%mdl 64] Double Attack} 21. Qg4 $2 {[#]} (21. Qc2 $1 $15) 21... Nxb3 $2 (21... h5 $1 $19 {[%cal Rh5g4] and Black stays clearly on top.} 22. Qh3 (22. Qxh5 $2 f5 $19) 22... Nxb3) 22. Ne4 $17 {[#] Hoping for Nf6+.} Nd2 $1 {[%mdl 512]} 23. Nf6+ $1 $15 (23. Nexd2 Qxb2) 23... Kh8 $2 {[%mdl 8192] [#]} (23... Bxf6 $15 24. exf6 g6 25. Nxd2 Qxb2) 24. Qxg7+ $1 {[%mdl 576] Clearance. Accuracy: White = 52%, Black = 20%.} 1-0

[Event "Budapest Spring Festival 2019"]
[Site "Budapest"]
[Date "2019.04.13"]
[Round "5.25"]
[White "Bashirli, Nail"]
[Black "Nomin-Erdene, Davaademberel"]
[Result "1/2-1/2"]
[WhiteElo "2333"]
[BlackElo "2399"]
[Annotator "TA"]
[PlyCount "200"]
[EventDate "2019.04.09"]
[EventType "swiss"]
[EventCountry "HUN"]
[SourceTitle "playchess.com"]
[Source "ChessBase"]
[SourceQuality "1"]

{[%evp 9,200,2,-3,-14,0,-2,29,0,25,14,8,-4,11,9,37,27,60,14,22,20,27,15,24,24,16,13,48,0,22,24,60,-62,98,-114,-6,-144,-126,-339,-348,-347,-314,-318,-346,-333,-79,-326,0,-75,67,61,52,46,55,64,52,57,66,56,52,51,54,54,67,17,8,0,0,0,0,0,0,0,0,-302,-302,-264,-252,-393,-338,-343,-339,-347,-333,-322,-305,-300,-304,-306,-292,-301,-306,-322,-273,-272,-274,-223,-178,-267,-232,-277,-195,-256,-275,-324,-201,-227,-28,-92,-15,-15,-8,-8,-8,-12,-12,-22,-22,-22,-22,-22,-22,-22,-22,-22,-22,-22,-22,-22,-22,-22,-22,-22,-22,-22,-22,-22,-22,-22,-22,-22,-22,-22,-22,-22,-12,-12,-8,-22,-22,-22,-22,-22,-22,-22,-22,-22,-22,-22,-22,-22,-22,-22,-22,-22,-22,-22,-22,-22,-22,-22,-22,-22,-22,-22,-22,-22,-22,-22,-22,-22,-22,-22,-22,-22,-22,-22,-22,-22,0,-22,0,-22,-22]} 1. e4 e6 2. d3 d5 3. Qe2 Ne7 4. Nf3 c5 5. g3 Nbc6 6. Bg2 {C00: French: Unusual White 2nd moves} b6 (6... g6 7. h4 h5 8. O-O Bg7 9. e5 Nf5 10. c3 b6 11. Bg5 Qc7 12. Re1 Ba6 13. a4 Nh6 14. Na3 Ng4 {0-1 (40) Carlsen,M (2834)-Spoelman,W (2578) chess.com INT 2018}) 7. O-O Bb7 8. c3 {White has an edge.} h6 9. h4 g6 10. e5 Bg7 11. Bf4 $146 ({Predecessor:} 11. Na3 Ba6 12. Re1 {1-0 (31) Bisby,D (2321)-Movsesian,S (2665) Reykjavik 2015}) 11... Qc7 12. Na3 a6 13. Nc2 g5 14. hxg5 hxg5 15. Bxg5 Nxe5 16. Rfe1 {[%cal Rf3e5]} N5g6 17. d4 O-O-O 18. Rac1 c4 19. b3 Rdg8 20. a4 (20. Rb1 $1 $14) 20... Kb8 $2 (20... Nf5 $15 {keeps the upper hand.}) 21. Na3 $2 (21. Rb1 $1 $16 {stays on course.}) 21... f6 (21... Bh6 $1 $17 {[%cal Rh6g5]} 22. Bxh6 Rxh6) 22. Be3 (22. Bd2 $11) 22... Nf5 $1 $17 {[%cal Rf5e3]} ({But not} 22... cxb3 23. Rb1 $15) 23. bxc4 $2 (23. a5 $17 {keeps fighting.}) 23... Nxe3 $19 24. Qxe3 Bh6 25. Qxe6 Bxc1 26. Rxc1 {[#]} dxc4 $2 (26... Nf4 $1 $19 {[%cal Rf4e6][%mdl 512] is more deadly.} 27. gxf4 dxc4) 27. d5 $2 {[#]} (27. Rb1 $17 Nf4 {[%mdl 64] Pin} 28. Qxb6 Nxg2 29. Kxg2) 27... Qc5 $2 (27... Nf4 $1 $19 {[%cal Rf4e6][%mdl 512]} 28. gxf4 Qh7) 28. Rb1 (28. Qxf6 $11 Qxa3 29. Rb1) 28... Qxd5 (28... Nf4 $1 $17 29. Qxb6 (29. gxf4 $2 Bxd5 30. Qxb6+ Qxb6 $19) 29... Qxb6 30. Rxb6 Nxd5) 29. Qxb6 Nf4 $1 {[%cal Rf4g2] [#]} 30. Qxb7+ $1 {[%mdl 512]} Qxb7 31. Rxb7+ Kxb7 32. gxf4 Kb8 33. Kf1 Rg4 34. Nd4 Rxf4 35. Nxc4 Rc8 36. Bd5 Rc5 37. Bf7 Re4 38. Nd2 Rh4 39. Bc4 Ka7 40. Ke2 Rh3 41. f3 $2 {[%mdl 8192]} (41. N4f3 $11 {and White stays safe.}) 41... Rh2+ 42. Ke3 {[#]} Rxd2 $1 {[%mdl 512]} 43. Bxa6 (43. Kxd2 {was necessary.} Rxc4 44. a5) 43... Rh2 ({Less strong is} 43... Kxa6 44. Kxd2 Rc4 45. Kd3 $17) 44. Bd3 Ra2 45. c4 Rxa4 46. Nb5+ Kb7 47. Nc3 Ra3 48. Kd4 Rc8 49. Be4+ Ka6 50. Nd5 Rd8 51. Kc5 Ra5+ 52. Kc6 Rf8 53. Nb4+ (53. Bf5 $142) 53... Ka7 54. Kd6 Rh5 55. c5 (55. Nc6+ {was worth a try.} Ka6 56. Bd5) 55... f5 56. Nc6+ Kb7 57. Bd5 {[#]} Rf6+ $2 (57... Rh6+ $1 $19 58. Kd7 Rh7+ 59. Ke6 Kc7) 58. Kd7 $11 {[#]} f4 (58... Rhh6 $1 $17 {[%cal Rf6c6]} 59. Ne5+ Ka7 60. Nc6+ Ka6 61. Bc4+ Kb7) 59. Ne7+ {[#]The position is equal.} Rxd5+ $1 {[%mdl 64] Deflection} 60. Nxd5 {[%mdl 4096] Endgame KR-KN} Rc6 61. Nxf4 Rxc5 62. Ne6 Rf5 63. f4 Kb6 64. Kd6 Ka5 65. Kc6 Kb4 66. Kd6 Kc3 67. Kc6 Kd3 68. Kd6 Ke4 69. Ke7 Kd5 70. Nc7+ Kd4 71. Ne6+ Ke3 72. Kd6 Kf2 73. Nc5 Kg3 74. Ne6 Kg4 75. Ke7 Kh4 76. Kd6 Rf7 {And now ...Rf5 would win.} 77. Kd5 Kg4 78. Ke4 Rf5 79. Kd4 Kf3 80. Kd3 Rf6 81. f5 Kg4 82. Ke4 Rxf5 83. Nd4 Rf8 {...Re8+ is the strong threat.} 84. Nc6 Re8+ 85. Ne5+ Kg5 86. Kd4 Kf5 87. Nc6 Re1 {Threatens to win with ...Kf4.} 88. Kd5 Rd1+ 89. Nd4+ Kf4 {( -> ...Ke3)} 90. Kc5 Ke4 91. Nc6 Rd2 92. Nb4 Rd4 {aiming for ...Rd8.} 93. Nc6 Rd5+ 94. Kc4 Rd6 95. Kc5 Rh6 96. Nb4 Rh5+ 97. Kc4 Rh1 {Strongly threatening ...Rc1+.} 98. Kc5 Rh5+ 99. Kc4 Rh1 {Hoping for ...Rc1+.} 100. Kc5 Ke5 {Accuracy: White = 50%, Black = 49%.} 1/2-1/2

[Event "Budapest Spring Festival 2019"]
[Site "Budapest"]
[Date "2019.04.13"]
[Round "5.26"]
[White "Taylor, Adam C"]
[Black "Prraneeth, Vuppala"]
[Result "1-0"]
[WhiteElo "2398"]
[BlackElo "2177"]
[Annotator "NA"]
[PlyCount "65"]
[EventDate "2019.04.09"]
[EventType "swiss"]
[EventCountry "HUN"]
[SourceTitle "playchess.com"]
[Source "ChessBase"]
[SourceQuality "1"]
[TimeControl "40/5400+30:1800+30"]

1. c4 {[%emt 0:00:05]} e5 {[%emt 0:00:08]} 2. Nc3 {[%emt 0:00:11]} Nf6 {[%emt 0:00:07]} 3. g3 {[%emt 0:00:06]} c6 {[%emt 0:00:11]} 4. Nf3 {[%emt 0:00:19]} e4 {[%emt 0:00:43]} 5. Nd4 {[%emt 0:00:06]} Qb6 {[%emt 0:06:13]} 6. Nb3 {[%emt 0:00:35]} d5 {[%emt 0:16:11]} 7. cxd5 {[%emt 0:00:16]} cxd5 {[%emt 0:00:44]} 8. Bg2 {[%emt 0:00:48]} Bf5 {[%emt 0:02:55]} 9. d3 {[%emt 0:04:59]} Nc6 {[%emt 0:12:45]} 10. Nxd5 {[%emt 0:09:16]} Nxd5 {[%emt 0:08:52]} 11. dxe4 {[%emt 0:00:05]} Bb4+ {[%emt 0:05:32]} 12. Kf1 {[%emt 0:08:48]} Nf6 {[%emt 0:11:10]} 13. Be3 {[%emt 0:02:24]} Qb5 {[%emt 0:00:51]} 14. exf5 {[%emt 0:00:47]} Qxf5 {[%emt 0:00:24]} 15. Nd4 {[%emt 0:02:12]} Nxd4 {[%emt 0:10:47]} 16. Qxd4 {[%emt 0:00:04]} Ng4 {[%emt 0:00:23]} 17. Bh3 {[%emt 0:00:16]} h5 {[%emt 0:01:19]} 18. Kg1 {[%emt 0:28:29]} Qb5 {[%emt 0:07:40]} 19. Bxg4 {[%emt 0:02:02]} hxg4 {[%emt 0:00:06]} 20. Qxg7 {[%emt 0:00:53]} O-O-O {[%emt 0:02:52]} 21. Qxg4+ {[%emt 0:00:05]} Kb8 {[%emt 0:01:14]} 22. Kg2 {[%emt 0:02:16]} f5 {[%emt 0:03:10]} 23. Qf3 {[%emt 0:00:33]} Bd6 {[%emt 0:01:28]} 24. Rhd1 {[%emt 0:01:45]} Bc7 {[%emt 0:02:23]} 25. h4 {[%emt 0:04:25]} Rdg8 {[%emt 0:01:25]} 26. Rd5 {[%emt 0:02:22]} Qb4 {[%emt 0:01:38]} 27. Rxf5 {[%emt 0:02:22]} Qxh4 {[%emt 0:00:06]} 28. Rf8+ {[%emt 0:00:09]} Bd8 {[%emt 0:00:22]} 29. Qf4+ {[%emt 0:00:05]} Qxf4 {[%emt 0:00:08]} 30. Bxf4+ {[%emt 0:00:11]} Ka8 {[%emt 0:00:11]} 31. Rxg8 {[%emt 0:00:06]} Rxg8 {[%emt 0:00:03]} 32. e4 {[%emt 0:00:37]} Re8 {[%emt 0:00:06]} 33. Kf3 {[%emt 0:00:57]} 1-0

[Event "Budapest Spring Festival 2019"]
[Site "Budapest"]
[Date "2019.04.13"]
[Round "5.27"]
[White "Daggupati, Balaji"]
[Black "Kayonde, Andrew"]
[Result "0-1"]
[WhiteElo "2326"]
[BlackElo "2394"]
[Annotator "NA"]
[PlyCount "82"]
[EventDate "2019.04.09"]
[EventType "swiss"]
[EventCountry "HUN"]
[SourceTitle "playchess.com"]
[Source "ChessBase"]
[SourceQuality "1"]
[TimeControl "40/5400+30:1800+30"]

1. e4 {[%emt 0:00:04]} c6 {[%emt 0:08:51]} 2. d4 {[%emt 0:00:06]} d5 {[%emt 0:00:17]} 3. e5 {[%emt 0:00:06]} c5 {[%emt 0:00:14]} 4. dxc5 {[%emt 0:00:06]} e6 {[%emt 0:00:31]} 5. a3 {[%emt 0:00:37]} Nc6 {[%emt 0:00:29]} 6. Nf3 {[%emt 0:01:59]} Bxc5 {[%emt 0:00:17]} 7. b4 {[%emt 0:00:18]} Bb6 {[%emt 0:00:27]} 8. Bd3 {[%emt 0:01:05]} Nge7 {[%emt 0:01:11]} 9. O-O {[%emt 0:00:40]} Ng6 {[%emt 0:00:41]} 10. Re1 {[%emt 0:01:24]} f6 {[%emt 0:06:17]} 11. Bxg6+ {[%emt 0:06:45]} hxg6 {[%emt 0:00:18]} 12. Qd3 {[%emt 0:00:31]} Kf7 {[%emt 0:00:43]} 13. Nc3 {[%emt 0:02:46]} Nxe5 {[%emt 0:21:42]} 14. Rxe5 {[%emt 0:22:49]} fxe5 {[%emt 0:00:16]} 15. Nxe5+ {[%emt 0:02:27]} Kg8 {[%emt 0:00:14]} 16. Qxg6 {[%emt 0:04:34]} Qf8 {[%emt 0:00:13]} 17. Nd1 {[%emt 0:08:33]} Bd4 {[%emt 0:14:44]} 18. Bb2 {[%emt 0:00:09]} Bxb2 {[%emt 0:00:07]} 19. Nxb2 {[%emt 0:00:06]} Qf5 {[%emt 0:07:58]} 20. Qxf5 {[%emt 0:01:05]} exf5 {[%emt 0:00:07]} 21. Rd1 {[%emt 0:00:21]} Be6 {[%emt 0:00:23]} 22. Nbd3 {[%emt 0:00:06]} Rh6 {[%emt 0:04:41]} 23. Nc5 {[%emt 0:13:42]} b6 {[%emt 0:11:08]} 24. Nxe6 {[%emt 0:00:21]} Rxe6 {[%emt 0:00:07]} 25. Rxd5 {[%emt 0:00:10]} Rc8 {[%emt 0:00:08]} 26. g4 {[%emt 0:02:13]} Rxc2 {[%emt 0:03:08]} 27. gxf5 {[%emt 0:00:06]} Rf6 {[%emt 0:00:11]} 28. Ng4 {[%emt 0:07:00]} Rf7 {[%emt 0:03:36]} 29. f6 {[%emt 0:01:23]} Rc3 30. Rg5 {[%emt 0:01:31]} Kf8 {[%emt 0:00:56]} 31. fxg7+ {[%emt 0:06:59]} Rxg7 {[%emt 0:00:14]} 32. Rf5+ {[%emt 0:00:16]} Ke7 33. f3 {[%emt 0:01:37]} Rxa3 {[%emt 0:02:41]} 34. b5 {[%emt 0:00:06]} Rf7 {[%emt 0:00:54]} 35. Rg5 {[%emt 0:01:06]} Rfxf3 {[%emt 0:00:33]} 36. Ne5 {[%emt 0:00:17]} Rfb3 {[%emt 0:00:14]} 37. Ng4 {[%emt 0:02:09]} Ra2 {[%emt 0:03:05]} 38. Nf2 {[%emt 0:00:16]} Rbb2 {[%emt 0:00:25]} 39. Rf5 {[%emt 0:00:12]} Ke6 {[%emt 0:00:09]} 40. Rf8 {[%emt 0:00:00]} Rxb5 {[%emt 0:00:00]} 41. h4 {[%emt 0:00:22]} Rf5 {[%emt 0:00:48]} 0-1

[Event "Budapest Spring Festival 2019"]
[Site "Budapest"]
[Date "2019.04.13"]
[Round "5.28"]
[White "Polyik, Peter"]
[Black "Nguyen, Van Thanh"]
[Result "1/2-1/2"]
[WhiteElo "2303"]
[BlackElo "2391"]
[Annotator "NA"]
[PlyCount "29"]
[EventDate "2019.04.09"]
[EventType "swiss"]
[EventCountry "HUN"]
[SourceTitle "playchess.com"]
[Source "ChessBase"]
[SourceQuality "1"]
[TimeControl "40/5400+30:1800+30"]

1. Nf3 {[%emt 0:00:04]} Nf6 {[%emt 0:00:15]} 2. e3 {[%emt 0:00:46]} d5 {[%emt 0:00:23]} 3. c4 {[%emt 0:00:09]} c6 {[%emt 0:00:21]} 4. Nc3 {[%emt 0:00:28]} g6 {[%emt 0:01:27]} 5. d4 {[%emt 0:00:56]} Bg7 {[%emt 0:00:15]} 6. Be2 {[%emt 0:00:29]} O-O {[%emt 0:01:03]} 7. O-O {[%emt 0:00:07]} Be6 {[%emt 0:05:50]} 8. b3 {[%emt 0:04:50]} h6 {[%emt 0:08:04]} 9. Bb2 {[%emt 0:18:24]} Nbd7 {[%emt 0:00:51]} 10. Rc1 {[%emt 0:01:51]} Rc8 {[%emt 0:00:49]} 11. cxd5 {[%emt 0:03:31]} cxd5 {[%emt 0:02:00]} 12. Ne5 {[%emt 0:02:15]} Ne4 {[%emt 0:11:39]} 13. Nxe4 {[%emt 0:02:48]} dxe4 {[%emt 0:02:54]} 14. Rxc8 {[%emt 0:10:05]} Qxc8 {[%emt 0:00:10]} 15. Nxd7 {[%emt 0:00:26]} 1/2-1/2

[Event "Budapest Spring Festival 2019"]
[Site "Budapest"]
[Date "2019.04.13"]
[Round "5.29"]
[White "Ashwath, R.."]
[Black "Pasztor, Balazs"]
[Result "1/2-1/2"]
[WhiteElo "2388"]
[BlackElo "2139"]
[Annotator "NA"]
[PlyCount "35"]
[EventDate "2019.04.09"]
[EventType "swiss"]
[EventCountry "HUN"]
[SourceTitle "playchess.com"]
[Source "ChessBase"]
[SourceQuality "1"]
[TimeControl "40/5400+30:1800+30"]

1. d4 {[%emt 0:03:24]} d5 {[%emt 0:00:20]} 2. c4 {[%emt 0:00:06]} dxc4 {[%emt 0:00:35]} 3. Nf3 {[%emt 0:00:34]} Nf6 {[%emt 0:01:27]} 4. e3 {[%emt 0:00:12]} a6 {[%emt 0:00:49]} 5. Bxc4 {[%emt 0:01:28]} e6 {[%emt 0:00:38]} 6. a4 {[%emt 0:04:12]} c5 {[%emt 0:00:27]} 7. O-O {[%emt 0:00:33]} Nc6 {[%emt 0:01:25]} 8. Qe2 {[%emt 0:01:52]} Qc7 {[%emt 0:01:13]} 9. Nc3 {[%emt 0:02:39]} Bd6 {[%emt 0:01:27]} 10. Rd1 {[%emt 0:10:19]} O-O {[%emt 0:07:49]} 11. h3 {[%emt 0:02:25]} b6 {[%emt 0:01:18]} 12. Bd2 {[%emt 0:13:53]} Bb7 {[%emt 0:05:58]} 13. Rac1 {[%emt 0:00:30]} Rfd8 {[%emt 0:13:32]} 14. Bd3 {[%emt 0:10:54]} Qe7 {[%emt 0:12:46]} 15. Ne4 {[%emt 0:12:25]} Nxe4 {[%emt 0:14:22]} 16. Bxe4 {[%emt 0:00:12]} Rac8 {[%emt 0:02:35]} 17. Bd3 {[%emt 0:07:04]} a5 {[%emt 0:04:38]} 18. dxc5 {[%emt 0:07:20]} 1/2-1/2

[Event "Budapest Spring Festival 2019"]
[Site "Budapest"]
[Date "2019.04.13"]
[Round "5.30"]
[White "Dixit, Nikhil"]
[Black "Bronstein, Or"]
[Result "1-0"]
[WhiteElo "2302"]
[BlackElo "2387"]
[Annotator "TA"]
[PlyCount "99"]
[EventDate "2019.04.09"]
[EventType "swiss"]
[EventCountry "HUN"]
[SourceTitle "playchess.com"]
[Source "ChessBase"]
[SourceQuality "1"]

{[%evp 11,99,0,5,3,16,14,27,27,20,10,25,25,22,-39,-26,-39,-39,-32,-34,-42,-36,-63,-50,-55,-43,-35,-46,-64,-64,-64,-66,-58,-45,-45,0,-4,0,-18,0,0,0,0,0,0,0,0,0,-5,16,-5,-2,-6,0,0,0,0,0,0,0,0,0,0,0,0,34,34,145,143,145,123,568,180,584,584,554,548,4133,1951,12841,12824,6379,5302,29967,29968,29955,10546,29978,29979,29977,29973]} 1. e4 c5 2. Nf3 d6 3. Bb5+ Nd7 4. d4 cxd4 5. Qxd4 a6 6. Bxd7+ Bxd7 7. Bg5 {B51: Sicilian: Moscow Variation (3 Bb5+) without 3...Bd7} (7. Nc3 Rc8 8. O-O e5 9. Qd3 h6 10. Nd2 Qc7 11. Rd1 Nf6 12. Nf1 Bg4 13. f3 Be6 14. Ne3 Be7 15. Bd2 {1-0 (58) McShane,L (2667)-Grandelius,N (2678) Germany 2019}) 7... h6 8. Bh4 Rc8 9. Nc3 {White has an edge.} e5 10. Qd3 g5 11. Bg3 Nf6 12. O-O (12. Nd2 $11) 12... Be7 $15 13. a4 $146 ({Predecessor:} 13. Rad1 Qb6 14. Nd2 Be6 {0-1 (36) Eminov,O (2316)-Esen,B (2565) Adana 2015}) 13... Be6 $36 {[%mdl 2048] Black is more active.} 14. Rfd1 Qb6 15. Rab1 Rg8 16. Nd5 Bxd5 $1 17. exd5 e4 18. Qd4 Qc5 19. Qxc5 Rxc5 20. Nd4 Kd7 ({Not} 20... Nxd5 21. Nb3 $16) ({But not} 20... Rxd5 $6 21. b4 $14) 21. Nf5 h5 22. h4 $1 gxh4 23. Bxh4 Bd8 24. c3 Rxd5 25. Rxd5 Nxd5 26. Rd1 $1 {And now Bxd8 would win.} Ke6 {Threatens to win with ...Bxh4.} 27. Nd4+ $1 Kd7 28. Nf5 $1 Bxh4 29. Rxd5 Be7 30. Nxe7 Kxe7 31. Rxh5 $11 {[%mdl 4096] Endgame KR-KR} Ke6 32. Kf1 f5 33. g3 Rg7 34. Ke2 b5 35. axb5 axb5 36. Ke3 b4 37. c4 Rc7 38. Kd4 {Rh6+ is the strong threat.} Kf6 ({Better is} 38... Rc8 $14) 39. Rh6+ $16 Kg5 40. Rxd6 Ra7 $2 {[%mdl 8192] [#]} (40... Rh7 $16 {is a better chance.}) 41. Kc5 $1 $18 {Strongly threatening Kb6.} b3 $2 (41... Rh7 {is tougher.} 42. Kxb4 Rh2) 42. Kb6 Ra2 43. Rd2 Ra1 {intending ...Rc1.} 44. c5 Rc1 45. c6 Rc2 46. Rd5 Rxb2 {[#]} 47. c7 $1 Rc2 48. Rb5 (48. Kb7 $142 Kg4 49. c8=Q Rxc8 50. Kxc8 f4 51. gxf4 Kxf4 52. Kc7 Kg4 53. Kd6) 48... Kf6 49. Kb7 b2 50. c8=Q {Accuracy: White = 79%, Black = 42%.} 1-0

[Event "Budapest Spring Festival 2019"]
[Site "Budapest"]
[Date "2019.04.13"]
[Round "5.31"]
[White "Urhegyi, Marton"]
[Black "Sedlak, Nikola"]
[Result "0-1"]
[WhiteElo "2299"]
[BlackElo "2598"]
[Annotator "TA"]
[PlyCount "104"]
[EventDate "2019.04.09"]
[EventType "swiss"]
[EventCountry "HUN"]
[SourceTitle "playchess.com"]
[Source "ChessBase"]
[SourceQuality "1"]

{[%evp 10,104,80,47,80,37,39,33,70,23,33,14,35,20,31,0,0,-16,0,0,0,0,0,-80,-99,-102,-103,-128,-100,-104,-109,-132,-129,-142,-118,-116,-116,-117,-93,-122,-118,-116,-107,-130,-117,-144,-124,-118,-105,-132,-140,-137,-138,-159,-159,-160,-170,-230,-218,-342,-339,-343,-344,-315,-258,-259,-264,-245,-238,-245,-240,-250,-235,-234,-190,-252,-235,-293,-277,-262,-259,-584,-591,-591,-579,-566,-553,-6223,-6211,-6196,-6186,-6123,-6123,-6079,-5525,-1322,-733]} 1. e4 c6 2. d4 d5 3. Nc3 dxe4 4. Nxe4 Nf6 5. Nxf6+ gxf6 6. Be3 Qb6 {B16: Caro-Kann: Bronstein-Larsen Variation} (6... h5 7. Qd2 Na6 8. Bd3 h4 9. Ne2 h3 10. gxh3 Bxh3 11. Nf4 Bg4 12. Rg1 Qd7 13. d5 Bf3 14. Rg3 Bxd5 {0-1 (64) Godena,M (2502)-Hracek,Z (2631) Jerusalem 2015}) 7. b3 Bf5 8. Qd2 Qc7 $146 {White is slightly better.} ({Predecessor:} 8... e6 9. O-O-O Bb4 10. Qe2 Qa5 11. Kb1 Na6 12. g4 Bg6 13. f4 O-O-O 14. Qg2 Nc7 15. Bc1 Nd5 16. Ne2 Bxc2+ 17. Kxc2 Qxa2+ 18. Kd3 Qxb3+ 19. Ke4 f5+ {0-1 (19) Voloshinsky,L-Maruschak,V Lvov 2011}) 9. Bd3 Bg6 10. Ne2 Nd7 {[%cal Bb8d7,Bd7f6,Bf6d5][%mdl 32]} 11. O-O e6 12. f4 {Black must now prevent f5.} Bxd3 13. Qxd3 f5 14. c4 Nf6 15. d5 cxd5 16. Qd4 {[#]} (16. Rac1 $11) 16... Bg7 $1 $17 17. cxd5 O-O 18. Rac1 Nxd5 19. Qd2 ({Wrong is} 19. Qxd5 $2 Qxc1 20. Rxc1 exd5 $19) 19... Qd8 20. Bd4 Bxd4+ 21. Nxd4 Qf6 22. Nf3 Rac8 23. Ne5 Rxc1 24. Qxc1 Qd8 25. Rf3 f6 26. Nd3 Rf7 27. Kh1 Rg7 28. h3 Qc7 29. Qe1 Kf7 30. Qf2 Qb6 31. Qc2 Rg8 32. Qe2 Qd4 33. Rf1 (33. Qd1 $142) 33... Rg3 $19 34. Rd1 (34. Rf3 $142 Nc3 35. Qf1) 34... Qe4 35. Qh5+ Kg7 {[%csl Gg3][%cal Re4g2]} 36. Ne1 Rg6 37. Qf3 Nxf4 38. Rd7+ Kh6 39. Qxe4 fxe4 40. Rxb7 {[%mdl 4096] Endgame KRN-KRN} Rg3 41. Kg1 a5 {[%cal Ba7a5,Ba5a4][%mdl 32]} 42. Kf2 (42. Rc7 $142) 42... Rc3 43. Rb5 {[#]} a4 $1 {[%mdl 512]} 44. Rb4 (44. bxa4 Ra3) 44... axb3 45. Rxe4 $2 (45. Rxb3 {is a better chance.} Rc1 46. h4) 45... b2 {Black is clearly winning.} 46. Rb4 Rc1 47. Rxb2 {[#]} Rxe1 $1 {[%mdl 576] Remove Defender, Decoy} 48. Kxe1 {KR-KN} Nd3+ {[%mdl 64] Double Attack} 49. Kd2 Nxb2 50. Kc3 {[#]} Na4+ $1 51. Kb4 Nb6 52. Kc5 Na8 {Accuracy: White = 35%, Black = 68%.} 0-1

[Event "Budapest Spring Festival 2019"]
[Site "Budapest"]
[Date "2019.04.13"]
[Round "5.32"]
[White "Vetoshko, Volodymyr"]
[Black "Szieberth, Adam"]
[Result "1/2-1/2"]
[WhiteElo "2510"]
[BlackElo "2297"]
[Annotator "TA"]
[PlyCount "131"]
[EventDate "2019.04.09"]
[EventType "swiss"]
[EventCountry "HUN"]
[SourceTitle "playchess.com"]
[Source "ChessBase"]
[SourceQuality "1"]

{[%evp 14,131,9,11,25,21,40,10,33,4,12,-22,14,-47,-43,-44,11,-9,-8,-39,-45,-29,66,67,82,89,82,89,135,126,131,86,56,53,49,47,47,42,43,50,73,87,104,53,102,106,88,90,116,132,107,111,139,118,145,141,243,252,233,244,357,0,0,0,0,0,0,0,0,0,0,0,0,0,0,0,0,0,0,0,0,0,70,75,62,0,0,0,0,0,0,0,10,8,8,8,8,8,8,8,0,0,0,0,0,0,0,0,0,0,0,0,0,0,0,0,0,0,0,0]} 1. e4 e5 2. Nf3 d6 3. d4 exd4 4. Nxd4 Nf6 5. Nc3 g6 6. g3 Bg7 7. Bg2 O-O 8. O-O a6 {B07: Pirc Defence: Miscellaneous Systems} 9. h3 Nbd7 10. Nb3 $146 ({Predecessor:} 10. a4 Re8 11. Re1 Ne5 12. f4 Ned7 13. Be3 Rb8 14. Bf2 h5 15. a5 Nh7 16. Qd2 Ndf8 17. Rad1 {0-1 (35) Bologan,V (2654)-Mamedov,R (2655) Almaty 2016}) 10... Nb6 11. Na5 c6 12. Qd3 Nbd7 13. Nb3 (13. Nc4 $11) 13... Ne5 $15 14. Qe2 Be6 (14... b5 $1 $15) 15. f4 Bc4 16. Qf2 Bxf1 17. fxe5 {[#]} Nh5 (17... Nxe4 $1 $11 {[%mdl 512]} 18. Nxe4 Bxg2 19. Kxg2 dxe5) 18. Bxf1 $14 Bxe5 19. g4 $1 $36 {[%cal Rg4h5][%mdl 2048] White is on the roll.} Ng7 20. Nd4 f5 21. exf5 gxf5 22. g5 (22. gxf5 $6 Qb6 $11) 22... d5 23. Nce2 f4 24. Nf3 Bc7 25. Ned4 c5 26. Nb3 Ne6 27. h4 ({Wrong is} 27. Nxc5 $2 Nxc5 28. Qg2 (28. Qxc5 $2 Bb6 $19) 28... Ne4 $19) 27... Qd6 28. c3 (28. Bd2 $16) 28... Rae8 29. Bd2 $1 c4 30. Nbd4 Nc5 31. Bh3 Ne4 32. Qg2 Bb6 33. Re1 Ng3 34. Kh2 Re4 {[#]} (34... Ne4 $16 35. Bg4 Bxd4 36. cxd4 Kg7) 35. Ne6 $1 $18 Rxe1 36. Bxe1 Re8 {[#]} (36... Rf7 {keeps fighting.} 37. Bxg3 fxg3+ 38. Qxg3 Rd7) 37. Bxg3 $2 (37. Bd2 $1 $18 {[%cal Rd2f4]} Nh5 38. Qg4) 37... fxg3+ $11 38. Qxg3 Rxe6 39. Bxe6+ Qxe6 40. Qb8+ {[%mdl 64] Double Attack} Kg7 41. Qxb7+ {[%mdl 64] Double Attack} Kg6 42. h5+ Kf5 43. Kg3 Qd6+ 44. Kg2 Qe6 $1 {[%cal Re6e2]} 45. Kg3 ({Reject} 45. Qxh7+ Kf4 $17) 45... Qd6+ 46. Kh3 Qe6 47. Qb8 Ke4+ ({Black should try} 47... Bf2 $1 $11) 48. Kg3 $14 Be3 49. Qc7 (49. Qf8 $1 $14) 49... Qf5 $11 {The position is equal.} 50. Qe7+ Kd3 {( -> ...Qf4+)} 51. Qe5 Qxe5+ 52. Nxe5+ {[%mdl 4096] Endgame KB-KN} Ke4 53. Nf7 Kf5 {[#]} 54. g6 $1 {[%mdl 512]} hxg6 55. h6 Bxh6 $1 56. Nxh6+ {KN-KP} Ke4 $1 57. Kf2 {Black must now prevent Ke2.} Kd3 $1 58. a4 {Strongly threatening Ng4.} Kc2 59. Ke3 Kxb2 60. Kd4 a5 $1 61. Ng4 {Threatens to win with Ne3.} ({Of course not} 61. Kxd5 Kxc3 62. Ng4 Kb3 $17) 61... Kb3 62. Ne5 g5 63. Kxd5 {Kd4 is the strong threat.} Kxc3 64. Kc5 Kb3 $1 65. Nxc4 {aiming for Kb5.} Kxa4 66. Kd4 {Accuracy: White = 59%, Black = 48%.} 1/2-1/2